| 000 | 01048ngm a22003010a 4500 | ||
|---|---|---|---|
| 001 | PT19511 | ||
| 003 | AR-LpoUNG | ||
| 005 | 20210202000310.0 | ||
| 007 | vd cvaizq | ||
| 008 | 191001s1980||||ag |||||||||||||||||spa d | ||
| 037 | _c$9.96 | ||
| 040 |
_aAR-LpoUNG _bspa _cAR-LpoUNG _eaacr |
||
| 041 | _aspa | ||
| 044 | _aag | ||
| 082 | 0 | _a891.7 176zon | |
| 100 | 1 |
_aTarkovski, Andrei _edir. |
|
| 245 | 1 | 3 | _aLa zona |
| 260 |
_aBuenos Aires : _bKinema, _c1980. |
||
| 300 | _aVHS (161 min.) : son., col. | ||
| 505 | 0 | _aFotografía: Alexander Kniazhinski. - Basado en el relato "Partida de recreo en el campo", guión de Arkadi y Boris Strugatski | |
| 520 | _aHechos inexplicables ocurren en la misteriosa Zona y tres individuos se introducen en ella en lo que constituye un viaje inciático, la incursión en un territorio metafísico que conduce a los protagonistas hasta las puertas de la verdad. | ||
| 650 | 4 | _aRUSIA | |
| 651 | 4 | _aURSS | |
| 653 | _aVIDEOS | ||
| 710 | 2 | _aMosfilm (firma comercial) | |
| 905 | _a19511 | ||
| 942 | _cVIDEO | ||
| 999 |
_c54549 _d54549 |
||